Nguyễn Du Tuyển chọn và trích dẫn những bài phê bình - Bình luận văn học của các nhà văn và các nhà nghiên cứu Việt Nam
Gồm những bài bình luận phê bình về sáng tác của nhà văn, thơ Nguyễn Du. Đặc biệt là tác phẩm truyện Kiều được nhận định, đánh giá trên nhiều phương diện khác nhau : Giá trị văn học, nghệ thuật, lịch sử, nhân văn v.v..
Tallennettuna:
| Päätekijä: | |
|---|---|
| Aineistotyyppi: | Kirja |
| Kieli: | Vietnamese |
| Julkaistu: |
Khánh Hòa
Nxb. Tổng hợp Khánh Hòa
1992
|
| Sarja: | Phê bình bình luận văn học
|
| Aiheet: | |
| Tagit: |
Lisää tagi
Ei tageja, Lisää ensimmäinen tagi!
|
| Thư viện lưu trữ: | Mạng thư viện Đại học Đà Nẵng |
|---|
| LEADER | 01775nam a22004098a 4500 | ||
|---|---|---|---|
| 001 | 000014325 | ||
| 003 | 10688 | ||
| 005 | 20120425140421.0 | ||
| 008 | 120425s1992 b 000 0 vieod | ||
| 020 | |c 7000đ |d 1000b | ||
| 041 | 0 | |a vie | |
| 080 | |a 8(V)1.22 | ||
| 082 | |a 895.92209 |b NG-D | ||
| 084 | |a V5(1)5-4 |b NG523ễ | ||
| 100 | 1 | |a Vũ Tiến Quỳnh |e biên soạn | |
| 245 | 1 | 0 | |a Nguyễn Du |b Tuyển chọn và trích dẫn những bài phê bình - Bình luận văn học của các nhà văn và các nhà nghiên cứu Việt Nam |c Vũ Tiến Quỳnh tuyển chọn và biên soạn |
| 260 | |a Khánh Hòa |b Nxb. Tổng hợp Khánh Hòa |c 1992 | ||
| 300 | |a 193tr |c 21cm | ||
| 490 | |a Phê bình bình luận văn học | ||
| 505 | |a T.2 / Nguyễn Khánh Toàn, Trần Đình Sử, Lý Toàn Thắng | ||
| 520 | |a Gồm những bài bình luận phê bình về sáng tác của nhà văn, thơ Nguyễn Du. Đặc biệt là tác phẩm truyện Kiều được nhận định, đánh giá trên nhiều phương diện khác nhau : Giá trị văn học, nghệ thuật, lịch sử, nhân văn v.v.. | ||
| 653 | |a Nghiên cứu văn học | ||
| 653 | |a Phê bình văn học | ||
| 653 | |a Văn học cận đại | ||
| 653 | |a Việt Nam | ||
| 653 | |a Nguyễn Du | ||
| 910 | |a minh | ||
| OWN | |a LSP | ||
| AVA | |a UDN50 |b LSP |d 895.92209 NG-D |e available |t Error 5001 Not defined in file expand_doc_bib_avail. |f 1 |g 0 |h N |i 0 |k 1 | ||
| 999 | |a From the UDN01 | ||
| AVA | |a UDN50 |b LSP |d 895.92209 NG-D |e available |t Error 5001 Not defined in file expand_doc_bib_avail. |f 1 |g 0 |h N |i 0 |k 1 | ||
| TYP | |a Monograph | ||
| TYP | |a Printed language | ||
| 980 | |a Mạng thư viện Đại học Đà Nẵng | ||